Marktforschung Methodische Grundlagen und praktische Anwendung

Gespeichert in:
Bibliographische Detailangaben
1. Verfasser: Berekoven, Ludwig
Weitere Verfasser: Eckert, Werner, Ellenrieder, Peter
Format: Buch
Sprache:Deutsch
Veröffentlicht: Wiesbaden Gabler 1989
Ausgabe:4. neu bearb. Aufl.
Schlagworte:
Tags: Tag hinzufügen
Keine Tags, Fügen Sie das erste Tag hinzu!

MARC

LEADER 00000nam a2200000 4500
001 c000019
005 20221215125411.6
020 |a 3-409-36985-6 
041 0 |a ger 
044 |a DE 
245 1 0 |a Marktforschung  |b Methodische Grundlagen und praktische Anwendung  |c Ludwig Berekoven, Werner Eckert, Peter Ellenrieder 
250 |a 4. neu bearb. Aufl. 
264 1 |a Wiesbaden  |b Gabler  |c 1989 
300 |a 404 s. 
610 2 0 |a prieskum trhu 
610 2 0 |a marketing 
610 2 0 |a informácie 
610 2 0 |a zdroje informácií 
610 2 0 |a maloobchod 
610 2 0 |a vývoj 
610 2 0 |a výrobky 
100 1 |a Berekoven, Ludwig 
700 1 |a Eckert, Werner 
700 1 |a Ellenrieder, Peter